| 000 | 02413nam0a2200397 4500 | ||
|---|---|---|---|
| 001 | RU\NLR\BIBL_A\022413730 | ||
| 005 | 20250312170430.0 | ||
| 010 |
_a978-5-0054-1734-3 _9100 |
||
| 021 |
_aRU _bКН-П-24-068380 _9КН-П-24-6821 |
||
| 035 | _a(NLR Aleph) 022413730 | ||
| 090 |
_a13336361 _c13336361 |
||
| 100 | _a20241217d2024 u y0rusy50 ca | ||
| 101 | 0 | _arus | |
| 102 | _aRU | ||
| 105 | _aa j 000zy | ||
| 181 | 0 |
_ai _baxxe |
|
| 182 | 0 | _an | |
| 200 | 1 |
_aТеоретические основы организации обучения в разных возрастных группах _eучебник _eдля использования в учебном процессе образовательных организаций, реализующих программы среднего профессионального образования по специальности "Дошкольное образование" _fЕ. А. Шашенкова, Л. А. Першина, Н. А. Воробьева [и др.] _gпод редакцией Е. А. Шашенковой, Н. А. Воробьевой |
|
| 203 |
_aТекст _bвизуальный _cнепосредственный |
||
| 205 | _a4-е изд., стер. | ||
| 210 |
_aМосква _cАкадемия _d2024 |
||
| 215 |
_a281, [1] с. _cил., табл. _d22 |
||
| 225 | 1 |
_aПрофессиональное образование _iПрофессиональный модуль |
|
| 300 | _aАвт. указаны на обороте тит. с. | ||
| 320 | _aБиблиогр.: с. 276-280 | ||
| 333 | _a12+ | ||
| 606 | 1 |
_aДошкольные учреждения _xВоспитательно-образовательная работа _jУчебники для среднего профессионального образования _2nlr_sh2 _3RU\NLR\AUTH\661416507 |
|
| 686 | 1 | _aЧ411.38я723 | |
| 686 | 1 | _aЧ411.33я723 | |
| 701 | 1 |
_aШашенкова _bЕ. А. _gЕлена Анатольевна |
|
| 701 | 1 |
_aПершина _bЛ. А. _gЛюдмила Алексеевна |
|
| 701 | 1 |
_aВоробьёва _bН. А. _cканд. пед. наук, дошкол. образование, образоват. технологии _gНаталья Александровна _3RU\NLR\AUTH\770162161 |
|
| 942 | _cBOOK | ||
| 980 | _aNB | ||